000
00304nam a2200121Ia 4500
008
190216s9999||||xx |||||||||||||| ||und||
100
_a
Agarwal An
245
0
_a
Indian Economy Nature Problems And Progress
260
_b
Vikas Publishing House
_c
1976
300
_a
622p
650
_a
Economics
942
_c
BK
999
_c
9294
_d
9294